[Event "GAMMA Reykjavik Open 2019"]
[Site "Reykjavik ISL"]
[Date "2019.04.09"]
[Round "2.34"]
[White "Andersson, Lars"]
[Black "Eggleston, David J"]
[Result "0-1"]
[BlackTitle "IM"]
[WhiteElo "2012"]
[BlackElo "2401"]
[WhiteFideId "1706772"]
[BlackFideId "412120"]
[EventDate "2019.04.08"]

1. d4 Nf6 2. Bf4 g6 3. e3 Bg7 4. Nf3 d6 5. Be2 Nbd7 6. O-O O-O 7. h3 b6 8. a4 a5
9. c3 Bb7 10. Nbd2 Re8 11. Bh2 e5 12. dxe5 dxe5 13. Bc4 Qe7 14. Qe2 Rf8 15. e4
Ne8 16. Bd3 Nc5 17. Bc2 Ba6 18. c4 Nd6 19. b3 Bb7 20. Qe3 Rae8 21. Rfe1 f5 22.
exf5 e4 23. Nd4 Qf6 24. Bxd6 cxd6 25. Ne6 gxf5 26. Nxf8 Rxf8 27. Rad1 f4 28. Qe2
f3 29. Qf1 fxg2 30. Qe2 Qh4 31. Qe3 Bh6 32. Qg3+ Qxg3 33. fxg3 e3 34. Nb1 Rf2
35. Rc1 Ne4 0-1

[Event "GAMMA Reykjavik Open 2019"]
[Site "Reykjavik ISL"]
[Date "2019.04.09"]
[Round "2.35"]
[White "Mai, Alexander Oliver"]
[Black "Vaishali, R"]
[Result "0-1"]
[BlackTitle "WGM"]
[WhiteElo "2003"]
[BlackElo "2353"]
[WhiteFideId "2313391"]
[BlackFideId "5091756"]
[EventDate "2019.04.08"]

1. e4 c5 2. Nc3 d6 3. f4 g6 4. Nf3 Bg7 5. Bb5+ Bd7 6. Bc4 Nc6 7. O-O a6 8. f5
Nf6 9. fxg6 hxg6 10. a4 Bg4 11. h3 Bxf3 12. Qxf3 Qd7 13. Nd5 Ne5 14. Qb3 Nxc4
15. Qxc4 Nxd5 16. exd5 Bd4+ 17. Kh2 O-O-O 18. c3 Bf6 19. d4 Rh4 20. Bf4 Rdh8 21.
dxc5 Rxh3+ 22. Kg1 Rh1+ 23. Kf2 Rxf1+ 24. Rxf1 Qc7 25. c6 Qb6+ 26. Be3 Qxb2+ 27.
Kg1 Qxc3 28. Qg4+ Kb8 29. Bf2 Be5 30. g3 f5 31. Qg5 Bd4 32. Qxe7 Qxg3# 0-1

[Event "GAMMA Reykjavik Open 2019"]
[Site "Reykjavik ISL"]
[Date "2019.04.09"]
[Round "2.36"]
[White "Stefansson, Vignir Vatnar"]
[Black "Johannsson, Birkir Isak"]
[Result "1-0"]
[WhiteTitle "FM"]
[WhiteElo "2293"]
[BlackElo "2005"]
[WhiteFideId "2308649"]
[BlackFideId "2314673"]
[EventDate "2019.04.08"]

1. f4 d5 2. Nf3 g6 3. g3 Bg7 4. Bg2 Nf6 5. O-O O-O 6. d3 c5 7. c3 Nc6 8. Na3 d4
9. e4 dxe3 10. Bxe3 b6 11. h3 Bb7 12. d4 cxd4 13. Nxd4 Qc8 14. Qe2 Nh5 15. Nxc6
Bxc6 16. Bxc6 Qxc6 17. Qg2 Qxg2+ 18. Kxg2 Rfd8 19. g4 Nf6 20. Rad1 Nd5 21. Kf3
Rac8 22. Bd4 Nc7 23. Bxg7 Kxg7 24. Nc2 Nb5 25. Rfe1 e6 26. a4 Nc7 27. Nd4 Nd5
28. Rxe6 Nxc3 29. bxc3 Rxd4 30. Rxg6+ hxg6 31. cxd4 Kf6 32. Ke4 Ke6 33. f5+
gxf5+ 34. gxf5+ Kd6 35. h4 Rh8 36. Rh1 a6 37. h5 b5 38. a5 Rh6 39. d5 f6 40. Kd4
Rh7 41. Re1 Rxh5 42. Re6+ Kd7 43. Rxf6 1-0

[Event "GAMMA Reykjavik Open 2019"]
[Site "Reykjavik ISL"]
[Date "2019.04.09"]
[Round "2.37"]
[White "Ciolek, Andreas"]
[Black "Mujacic, Haris"]
[Result "1-0"]
[WhiteTitle "FM"]
[WhiteElo "2284"]
[BlackElo "1992"]
[WhiteFideId "12906727"]
[BlackFideId "14408139"]
[EventDate "2019.04.08"]

1. e4 e6 2. d4 d5 3. exd5 exd5 4. Nf3 Nf6 5. Bd3 Bd6 6. Qe2+ Qe7 7. Qxe7+ Bxe7
8. Bf4 c6 9. h3 O-O 10. Nbd2 Re8 11. O-O-O Nbd7 12. Rhe1 Nf8 13. Bh2 Ng6 14. Re2
Bf8 15. Ne5 Nxe5 16. dxe5 Nd7 17. c3 f6 18. f4 Nc5 19. Bc2 fxe5 20. fxe5 b6 21.
Nf3 Ba6 22. Ree1 Ne6 23. Bf5 c5 24. Rxd5 Bc4 25. Rd7 Bxa2 26. Be4 Red8 27. Red1
Rxd7 28. Rxd7 Rd8 29. Rxa7 Bb3 30. Nd2 Bd5 31. Bxd5 Rxd5 32. Rb7 g6 33. Ne4 Bg7
34. Rxb6 Nc7 35. Rb8+ Kf7 36. Rb7 Bxe5 37. Bxe5 Rxe5 38. Rxc7+ Ke6 39. Nf2 Re2
40. Nd3 Kd6 41. Rxh7 Rxg2 42. Rh6 c4 43. Nf4 Ke5 44. Rxg6 Rh2 45. Rg4 Ke4 46.
Ng6+ 1-0

[Event "GAMMA Reykjavik Open 2019"]
[Site "Reykjavik ISL"]
[Date "2019.04.09"]
[Round "2.38"]
[White "Ragnarsson, Johann"]
[Black "Einarsson, Halldor Gretar"]
[Result "1-0"]
[BlackTitle "FM"]
[WhiteElo "1974"]
[BlackElo "2279"]
[WhiteFideId "2301040"]
[BlackFideId "2300150"]
[EventDate "2019.04.08"]

1. d4 Nf6 2. c4 g6 3. Nc3 d5 4. Bf4 Bg7 5. e3 O-O 6. Rc1 c5 7. dxc5 Qa5 8. Nf3
dxc4 9. Bxc4 Qxc5 10. Bb3 Nc6 11. O-O Qa5 12. h3 Bf5 13. Qe2 Ne4 14. Nd5 e5 15.
Bh2 Be6 16. Qc4 Rfd8 17. Rfd1 Nd4 18. exd4 Bxd5 19. Qe2 exd4 20. Bc7 b6 21. Bxd8
Rxd8 22. Nxd4 Re8 23. Nc6 Bxc6 24. Rxc6 Nd6 25. Qd2 Qxd2 26. Rxd2 Re1+ 27. Kh2
Be5+ 28. g3 Ne4 29. Rd1 Re2 30. Rc2 Nxg3 31. Kg2 Rxc2 32. Bxc2 Nh5 33. Kf3 Bxb2
34. Rd7 f5 35. Bb3+ Kh8 36. Rxa7 Bd4 37. Rd7 Bc5 38. Rc7 Nf6 39. a4 Ne4 40. Bd5
Nc3 41. a5 1-0

[Event "GAMMA Reykjavik Open 2019"]
[Site "Reykjavik ISL"]
[Date "2019.04.09"]
[Round "2.39"]
[White "Deglmann, Ludwig"]
[Black "Esbensen, Kai Inge"]
[Result "1-0"]
[WhiteTitle "FM"]
[WhiteElo "2275"]
[BlackElo "1985"]
[WhiteFideId "4622235"]
[BlackFideId "1507486"]
[EventDate "2019.04.08"]

1. g3 d5 2. Nf3 Nf6 3. Bg2 g6 4. c4 dxc4 5. Qa4+ c6 6. Qxc4 Bg7 7. O-O O-O 8. d3
Na6 9. Nc3 Nd5 10. Nxd5 cxd5 11. Qh4 e5 12. Qxd8 Rxd8 13. Bg5 f6 14. Be3 b6 15.
Nd2 Bb7 16. d4 Rac8 17. Rac1 Nb4 18. dxe5 fxe5 19. Bg5 Re8 20. a3 Nc6 21. e4 d4
22. Nc4 d3 1-0

[Event "GAMMA Reykjavik Open 2019"]
[Site "Reykjavik ISL"]
[Date "2019.04.09"]
[Round "2.40"]
[White "Oettel, Lothar"]
[Black "Visser, Henk-Jan"]
[Result "0-1"]
[WhiteElo "1945"]
[BlackElo "2269"]
[WhiteFideId "24679852"]
[BlackFideId "1010204"]
[EventDate "2019.04.08"]

1. d4 Nf6 2. Bf4 d5 3. e3 c5 4. Nf3 Nc6 5. Nbd2 e6 6. Bb5 Bd7 7. O-O Nh5 8. Bg3
Nxg3 9. hxg3 cxd4 10. exd4 Qb6 11. Bxc6 bxc6 12. Rb1 Be7 13. c3 a5 14. Ne5 Bc8
15. Re1 O-O 16. Qb3 Qc7 17. Ndf3 Bd6 18. Rbc1 f6 19. Nd3 Ba6 20. Qc2 Rae8 21. b4
e5 22. Nc5 Bc8 23. Qa4 e4 24. Nd2 f5 25. c4 f4 26. cxd5 e3 27. Nf3 exf2+ 28.
Kxf2 fxg3+ 29. Kg1 Bf4 30. Qb3 Bxc1 31. Rxc1 Qf4 32. dxc6+ Kh8 33. Rd1 Re3 34.
Qd5 Bg4 35. Nd3 Rxd3 0-1

[Event "GAMMA Reykjavik Open 2019"]
[Site "Reykjavik ISL"]
[Date "2019.04.09"]
[Round "2.41"]
[White "Chittka, Julius"]
[Black "Mayrhuber, Nikola"]
[Result "1-0"]
[BlackTitle "WFM"]
[WhiteElo "2268"]
[BlackElo "1977"]
[WhiteFideId "12954772"]
[BlackFideId "1637819"]
[EventDate "2019.04.08"]

1. d4 d5 2. c4 dxc4 3. e4 e5 4. Nf3 Bb4+ 5. Bd2 Bxd2+ 6. Nbxd2 exd4 7. Bxc4 Nf6
8. e5 Nd5 9. Qb3 c6 10. Rc1 O-O 11. Bxd5 Qxd5 12. Qxd5 cxd5 13. Nxd4 Nc6 14.
Nxc6 bxc6 15. O-O Rb8 16. b3 Ba6 17. Rfe1 Rfc8 18. Rc5 Rb5 19. Rec1 Rxc5 20.
Rxc5 Bd3 21. Nf3 Bf5 22. Nd4 Bd7 23. f4 Kf8 24. Kf2 Ke7 25. f5 a5 26. Ke3 f6 27.
e6 Be8 28. Rxa5 c5 29. Nb5 Bxb5 30. Rxb5 Rc7 31. b4 d4+ 32. Ke4 c4 33. Rc5 1-0

[Event "GAMMA Reykjavik Open 2019"]
[Site "Reykjavik ISL"]
[Date "2019.04.09"]
[Round "2.42"]
[White "Hosdurga, Chirag"]
[Black "Bewersdorff, Oliver"]
[Result "0-1"]
[BlackTitle "FM"]
[WhiteElo "1941"]
[BlackElo "2261"]
[WhiteFideId "438189"]
[BlackFideId "4602897"]
[EventDate "2019.04.08"]

1. d4 Nf6 2. c4 e6 3. Nc3 Bb4 4. Qc2 O-O 5. Nf3 c5 6. a3 Bxc3+ 7. bxc3 d5 8. e3
Nc6 9. Bd3 dxc4 10. Bxc4 Qc7 11. O-O e5 12. d5 e4 13. dxc6 exf3 14. cxb7 Bxb7
15. g3 Rad8 16. Bb2 Be4 17. Qc1 Ng4 18. Rd1 Qb6 19. Rxd8 Rxd8 20. Bf1 Rb8 21.
Ra2 Qb3 22. Qa1 c4 23. a4 Nxf2 24. Ba3 Ng4 25. Bg2 Qb1+ 0-1

[Event "GAMMA Reykjavik Open 2019"]
[Site "Reykjavik ISL"]
[Date "2019.04.09"]
[Round "2.43"]
[White "Abbas, Daniel"]
[Black "Byrne, Alex"]
[Result "1-0"]
[WhiteTitle "FM"]
[WhiteElo "2253"]
[BlackElo "1949"]
[WhiteFideId "423831"]
[BlackFideId "2508788"]
[EventDate "2019.04.08"]

1. e4 e6 2. d4 d5 3. Nd2 Nf6 4. e5 Nfd7 5. Bd3 c5 6. c3 Nc6 7. Ne2 cxd4 8. cxd4
f6 9. exf6 Nxf6 10. O-O Bd6 11. Nf3 O-O 12. Bf4 Ng4 13. Bxd6 Qxd6 14. h3 Rxf3
15. hxg4 Rf7 16. f4 Bd7 17. g5 Nb4 18. Bb1 Bb5 19. a3 Nc6 20. Bd3 Bxd3 21. Qxd3
Na5 22. g3 Nc4 23. Ra2 Qb6 24. b4 e5 25. fxe5 Nxe5 26. Qb3 Rxf1+ 27. Kxf1 Nc4
28. Kg2 a5 29. Qf3 Qd8 30. g6 axb4 31. gxh7+ Kxh7 32. Qf5+ Kh8 33. Qh3+ Kg8 34.
Qe6+ Kf8 35. Nf4 g5 36. Nh5 Ne3+ 37. Qxe3 Rxa3 38. Rf2+ Kg8 1-0

[Event "GAMMA Reykjavik Open 2019"]
[Site "Reykjavik ISL"]
[Date "2019.04.09"]
[Round "2.44"]
[White "Alashtar, Aasef"]
[Black "Eric, Jovana"]
[Result "1-0"]
[BlackTitle "WGM"]
[WhiteElo "1905"]
[BlackElo "2247"]
[WhiteFideId "7600607"]
[BlackFideId "938238"]
[EventDate "2019.04.08"]

1. b3 e5 2. Bb2 d6 3. c4 Nd7 4. d4 Ngf6 5. Nd2 Be7 6. Qc2 c6 7. Ngf3 Qc7 8. e3
O-O 9. Bd3 Re8 10. O-O Bf8 11. Ng5 g6 12. f4 Bh6 13. Ndf3 Ng4 14. Rae1 f5 15.
dxe5 dxe5 16. c5 Ngf6 17. e4 fxe4 18. Bxe4 b5 19. Bxg6 hxg6 20. Qxg6+ Bg7 21.
Qf7+ Kh8 22. Nh4 1-0

[Event "GAMMA Reykjavik Open 2019"]
[Site "Reykjavik ISL"]
[Date "2019.04.09"]
[Round "2.45"]
[White "Stoyanov, Viktor"]
[Black "Moller, Agnar T"]
[Result "1-0"]
[WhiteElo "2238"]
[BlackElo "1942"]
[WhiteFideId "450308"]
[BlackFideId "2303469"]
[EventDate "2019.04.08"]

1. c4 e5 2. Nc3 d6 3. Nf3 f5 4. d4 e4 5. Ng5 Be7 6. Nh3 c6 7. e3 Nf6 8. Be2 Be6
9. d5 Bf7 10. f3 Na6 11. O-O exf3 12. Bxf3 Rc8 13. Ng5 O-O 14. Nxf7 Rxf7 15. Ne2
cxd5 16. cxd5 Nc5 17. b3 Nfe4 18. Bb2 Bf6 19. Bxf6 Qxf6 20. b4 Nd7 21. Bxe4 Qg5
22. Bf3 1-0

[Event "GAMMA Reykjavik Open 2019"]
[Site "Reykjavik ISL"]
[Date "2019.04.09"]
[Round "2.46"]
[White "Fivelstad, Jon Olav"]
[Black "Birkisson, Bardur Orn"]
[Result "1/2-1/2"]
[BlackTitle "CM"]
[WhiteElo "1883"]
[BlackElo "2234"]
[WhiteFideId "1510339"]
[BlackFideId "2310597"]
[EventDate "2019.04.08"]

1. e4 b6 2. Nc3 Bb7 3. d4 e6 4. Nf3 Bb4 5. Bd3 Nf6 6. Bg5 h6 7. Bxf6 Qxf6 8. O-O
Bxc3 9. bxc3 d6 10. e5 Qe7 11. Qe2 O-O 12. Be4 Bxe4 13. Qxe4 d5 14. Qd3 c5 15.
c4 dxc4 16. Qxc4 cxd4 17. Nxd4 Nd7 18. Qb5 Rfc8 19. f4 Rc5 20. Qb4 Qf8 21. Rad1
Ra5 22. c3 Nc5 23. f5 exf5 24. Rxf5 Rxa2 25. Rdf1 Ra4 26. Qb1 Qe7 27. Rxf7 Qxe5
28. Nc6 Qe3+ 29. Kh1 Re4 30. Qa2 Kh7 31. Qd5 Qg5 32. R7f5 Qg6 33. Nd4 Rae8 34.
h3 Re1 35. Rf8 Rxf8 36. Rxe1 Nd3 37. Ne6 Rf6 38. Re3 Nf4 39. Nxf4 Rxf4 40. Qe6
Qxe6 41. Rxe6 Rc4 42. Re7 b5 43. Re6 a5 44. Re5 b4 45. cxb4 axb4 46. Rb5 Rc1+
47. Kh2 Rb1 48. Kg3 b3 49. Kg4 b2 50. h4 Kg6 51. Rb6+ Kh7 52. Rb7 Kg6 53. Rb6+
Kf7 54. Rb7+ Kf6 55. Rb6+ Ke5 56. Kh5 g5 57. hxg5 Rh1+ 58. Kg6 b1=Q+ 59. Rxb1
Rxb1 60. gxh6 Rb6+ 61. Kg7 Kf5 62. h7 Rb7+ 63. Kh6 Rb8 64. Kg7 Kg5 65. h8=Q Rb7+
66. Kf8 Rb8+ 67. Kg7 Rb7+ 1/2-1/2

[Event "GAMMA Reykjavik Open 2019"]
[Site "Reykjavik ISL"]
[Date "2019.04.09"]
[Round "2.47"]
[White "Forster, William"]
[Black "Jaksland, Tim"]
[Result "0-1"]
[WhiteTitle "CM"]
[BlackTitle "FM"]
[WhiteElo "1856"]
[BlackElo "2222"]
[WhiteFideId "4301358"]
[BlackFideId "1401084"]
[EventDate "2019.04.08"]

1. d4 Nf6 2. c4 c5 3. d5 b5 4. a4 b4 5. g3 d6 6. Bg2 g6 7. e4 Bg7 8. Ra2 O-O 9.
b3 Bb7 10. Nh3 e6 11. O-O exd5 12. cxd5 Nbd7 13. Re1 a5 14. Nd2 Nb6 15. Bf1 Re8
16. Rc2 Qe7 17. Bb5 Nfxd5 18. Bxe8 Rxe8 19. Nb1 Nc3 20. Nxc3 Bxc3 21. Rxc3 bxc3
22. Qd3 Nd5 23. f3 Nb4 24. Qxc3 d5 25. Bg5 Qe5 26. Qxe5 Rxe5 27. Bf4 Re8 28. Rc1
Nd3 29. Rc3 dxe4 30. fxe4 Bxe4 31. Nf2 Nxf4 32. gxf4 Bd5 33. Kf1 Rb8 34. Rxc5
Bxb3 35. Rxa5 Rb4 36. Nd3 Bc4 37. Ke2 Rb3 38. Ra8+ Kg7 39. Rd8 Ra3 40. Ke3 Bxd3
41. Rxd3 Rxa4 42. Kf3 Ra5 43. Kg3 Kf6 44. Rb3 h6 45. Rc3 Kf5 46. Re3 Rd5 47. Kf3
Ra5 48. Kg3 Ra1 49. Re5+ Kf6 50. Re3 Ra6 51. Kf3 Ra4 52. Kg3 g5 53. fxg5+ hxg5
54. Rb3 Re4 55. Rb6+ Kf5 56. Rb5+ Kg6 57. Rb8 Re3+ 58. Kf2 Ra3 59. Rg8+ Kf5 60.
Rf8 f6 61. Rb8 Kg4 62. Rb4+ Kh3 63. Rb6 Ra2+ 64. Kf1 Kxh2 65. Rxf6 Kg3 66. Rb6
Ra1+ 67. Ke2 g4 68. Rb2 Kh3 69. Kf2 g3+ 70. Kf3 Rf1+ 71. Ke2 Rf2+ 0-1

[Event "GAMMA Reykjavik Open 2019"]
[Site "Reykjavik ISL"]
[Date "2019.04.09"]
[Round "2.48"]
[White "Salles, Louis"]
[Black "Baldvinsson, Loftur"]
[Result "1-0"]
[WhiteTitle "CM"]
[WhiteElo "2221"]
[BlackElo "1938"]
[WhiteFideId "20641826"]
[BlackFideId "2301261"]
[EventDate "2019.04.08"]

1. e4 e5 2. Nf3 Nc6 3. d4 exd4 4. Nxd4 Nf6 5. Nxc6 bxc6 6. e5 Nd5 7. c4 Nb6 8.
Bd3 Bc5 9. Qg4 Kf8 10. Bg5 Be7 11. Bf4 d5 12. Qe2 Be6 13. O-O dxc4 14. Be4 Nd5
15. Bg3 h5 16. f4 h4 17. Be1 f5 18. exf6 Bxf6 19. Qxc4 Qd6 20. Qc1 Rb8 21. Nc3
Bd4+ 22. Bf2 Nxc3 23. bxc3 Bb6 24. Qc2 Bc4 25. Rad1 Qf6 26. Rfe1 Rh5 27. f5 Re8
28. Bd4 Bxd4+ 29. Rxd4 Bd5 30. Rf1 Re5 31. Bxd5 cxd5 32. Rdf4 Re3 33. Qd1 Rg5
34. Qxd5 Rxc3 35. Re4 Rc6 36. Rxh4 Rd6 37. Rh8+ Ke7 38. Qe4+ 1-0

[Event "GAMMA Reykjavik Open 2019"]
[Site "Reykjavik ISL"]
[Date "2019.04.09"]
[Round "2.49"]
[White "Ptacnikova, Lenka"]
[Black "Fabregas, Oliver"]
[Result "0-1"]
[WhiteTitle "WGM"]
[WhiteElo "2202"]
[BlackElo "1922"]
[WhiteFideId "305650"]
[BlackFideId "4609719"]
[EventDate "2019.04.08"]

1. c4 e5 2. g3 Nf6 3. Bg2 Be7 4. Nc3 O-O 5. Nf3 Nc6 6. O-O d6 7. d4 a6 8. b3 Bg4
9. d5 Bxf3 10. Bxf3 Nb8 11. Bb2 Nbd7 12. b4 Re8 13. e4 a5 14. a3 Bf8 15. Qb3 b6
16. Rab1 g6 17. Nb5 Qb8 18. Bc3 axb4 19. axb4 Qb7 20. Bd2 Ra6 21. h3 Rea8 22.
Bg2 Ra2 23. Be3 R2a6 24. Rfc1 Qb8 25. Qd3 Qd8 26. Rf1 h6 27. Qc3 Kh7 28. Ra1 Ne8
29. Rae1 Kg8 30. f4 Bg7 31. f5 g5 32. g4 f6 33. Bf3 Bf8 34. Be2 Ra2 35. Bd3 Qe7
36. Bc2 Qd8 37. Bb3 R2a6 38. Qd2 Qe7 39. Kf2 Qf7 40. Rh1 Bg7 41. h4 Kf8 42. Ke2
Qe7 43. Kd3 Qd8 44. Ref1 Kg8 45. Kc3 Qe7 46. Kb2 Rc8 47. Kc3 Rca8 48. Kd3 Qd8
49. Ke2 Qe7 50. Kf3 Qd8 51. Rb1 Qe7 52. Rhc1 Rb8 53. Qd3 Raa8 54. c5 bxc5 55.
bxc5 Kh7 56. hxg5 fxg5 57. cxd6 cxd6 58. Rc6 Ra5 59. Bc4 Bf8 60. Qd2 Raa8 61.
Rh1 Kg8 62. Qc3 Ndf6 63. Bd3 Rb7 64. Rc1 Rab8 65. Qa5 Qf7 66. Rc8 Rxc8 67. Rxc8
Qd7 68. Rc6 Be7 69. Qa8 Kg7 70. Bb6 h5 71. gxh5 Nxh5 72. Bf1 Nef6 73. Bc7 g4+
74. Ke3 Rxb5 75. Bxb5 Nxd5+ 76. Kf2 g3+ 77. Kg1 Nxc7 78. Qb7 Bd8 79. Rc3 Qe7 80.
Be2 Nf4 81. Rxg3+ Kf6 82. Bc4 Qh7 83. Qc8 Qe7 84. Rg8 Ne8 85. Bb5 Bb6+ 86. Kf1
Qh7 87. Rf8+ Kg5 0-1

[Event "GAMMA Reykjavik Open 2019"]
[Site "Reykjavik ISL"]
[Date "2019.04.09"]
[Round "2.50"]
[White "Le Goff, Ronan"]
[Black "Sauer, Bernd"]
[Result "1-0"]
[WhiteTitle "FM"]
[WhiteElo "2186"]
[BlackElo "1885"]
[WhiteFideId "612073"]
[BlackFideId "24699446"]
[EventDate "2019.04.08"]

1. d4 f5 2. Bg5 g6 3. Nd2 Bg7 4. Ngf3 Nf6 5. Bxf6 Bxf6 6. e4 e6 7. Bd3 O-O 8. c3
d5 9. e5 Bg7 10. Qe2 Nd7 11. h3 Rf7 12. O-O-O Nf8 13. g4 Bd7 14. Rdg1 Bh6 15. h4
fxg4 16. Rxg4 Rf4 17. Rg3 Kh8 18. Kb1 Be8 19. Nf1 Qe7 20. Ne3 Rd8 21. Ng4 Bg7
22. Qe3 Rf5 23. Bxf5 exf5 24. Ngh2 Ne6 25. Rgg1 f4 26. Qd2 h6 27. Ka1 Qf8 28.
Ne1 c5 29. Nhf3 b5 30. dxc5 Nxc5 31. Nd3 Ne4 32. Qxf4 Qg8 33. Ng5 Nxg5 34. hxg5
h5 35. Qe3 Bd7 36. Nf4 Qe8 37. Rd1 Bf5 38. Rhe1 Qc6 39. Ne2 Qc4 40. Nd4 Re8 41.
Nxf5 gxf5 42. f4 Kh7 43. Qf3 Re6 44. Qxd5 Qc8 45. Qd7 1-0

[Event "GAMMA Reykjavik Open 2019"]
[Site "Reykjavik ISL"]
[Date "2019.04.09"]
[Round "2.51"]
[White "Haraldsson, Leif"]
[Black "Dougherty, Michael"]
[Result "1-0"]
[BlackTitle "FM"]
[WhiteElo "1851"]
[BlackElo "2183"]
[WhiteFideId "1710648"]
[BlackFideId "2601559"]
[EventDate "2019.04.08"]

1. f4 c5 2. Nf3 g6 3. g3 Bg7 4. Bg2 Nc6 5. d3 d6 6. O-O e6 7. c3 Nge7 8. Na3 O-O
9. e4 a6 10. Qe1 b5 11. Nc2 f5 12. Ne3 Rb8 13. Bd2 Qd7 14. Rd1 Bb7 15. Ng5 d5
16. exf5 exf5 17. Nc2 Rf6 18. Qf2 d4 19. Rfe1 Rd6 20. Qe2 c4 21. cxd4 cxd3 22.
Qxd3 Nxd4 23. Bxb7 Qxb7 24. Bb4 Rbd8 25. Bxd6 Rxd6 26. Qe3 Nxc2 27. Qb3+ Nd5 28.
Re8+ Bf8 29. Qxc2 Qb6+ 30. Kh1 Kg7 31. Qe2 Nxf4 32. Qe5+ Kg8 33. Rxd6 Qb7+ 34.
Ne4 fxe4 35. gxf4 1-0

[Event "GAMMA Reykjavik Open 2019"]
[Site "Reykjavik ISL"]
[Date "2019.04.09"]
[Round "2.52"]
[White "Ingvason, Johann"]
[Black "Davidsson, Oskar Vikingur"]
[Result "1-0"]
[WhiteElo "2181"]
[BlackElo "1872"]
[WhiteFideId "2301431"]
[BlackFideId "2310627"]
[EventDate "2019.04.08"]

1. e4 c5 2. Nf3 e6 3. d4 cxd4 4. Nxd4 Nc6 5. Nc3 Qc7 6. f4 a6 7. Be2 b5 8. Nxc6
dxc6 9. Be3 Nf6 10. e5 Nd5 11. Nxd5 cxd5 12. c3 Bc5 13. Bxc5 Qxc5 14. Qd4 Qxd4
15. cxd4 Bd7 16. Kd2 Rc8 17. g4 Ke7 18. h4 f5 19. gxf5 exf5 20. Rhg1 Rhg8 21.
Rac1 Rxc1 22. Rxc1 Rc8 23. Rxc8 Bxc8 24. Kc3 Kd7 25. Kb4 Kc6 26. Ka5 h6 27. h5
Bb7 28. b3 Bc8 29. a4 bxa4 30. bxa4 Be6 31. Bxa6 Bf7 32. Bb5+ Kc7 33. Be2 g5 34.
hxg6 Bxg6 35. Kb5 h5 36. Kc5 Bf7 37. Bxh5 1-0

[Event "GAMMA Reykjavik Open 2019"]
[Site "Reykjavik ISL"]
[Date "2019.04.09"]
[Round "2.54"]
[White "Gantar, Jan"]
[Black "Lochte, Szilvia"]
[Result "1-0"]
[WhiteElo "2172"]
[BlackElo "1858"]
[WhiteFideId "14607875"]
[BlackFideId "708410"]
[EventDate "2019.04.08"]

1. e4 c5 2. Ne2 e6 3. Nbc3 a6 4. d4 cxd4 5. Nxd4 b5 6. g3 Bb7 7. Bg2 Nf6 8. Qe2
b4 9. Na4 Qa5 10. b3 Nc6 11. Bb2 Nxd4 12. Bxd4 e5 13. Be3 Nxe4 14. Nb6 Rd8 15.
Nc4 Qb5 16. Bd4 Nc3 17. Bxc3 Bxg2 18. Bxe5 Qc6 19. Bd6+ Qe4 20. Qxe4+ Bxe4 21.
O-O f5 22. f3 Bd5 23. Rfe1+ Kf7 24. Ne5+ Kf6 25. Bc7 Bc5+ 26. Kg2 Rc8 27. Nxd7+
Kf7 28. Rad1 Bxf3+ 29. Kxf3 Rxc7 30. Re5 Ba7 31. Rxf5+ Kg6 32. g4 Rc3+ 33. Kf4
Rc6 34. Ne5+ 1-0

[Event "GAMMA Reykjavik Open 2019"]
[Site "Reykjavik ISL"]
[Date "2019.04.09"]
[Round "2.55"]
[White "Feuerstein, Mario"]
[Black "Thorhallsson, Simon"]
[Result "0-1"]
[WhiteElo "1833"]
[BlackElo "2171"]
[WhiteFideId "356284785"]
[BlackFideId "2310090"]
[EventDate "2019.04.08"]

1. c4 g6 2. Nc3 Bg7 3. g3 c5 4. Bg2 Nc6 5. Rb1 e6 6. d3 Nge7 7. Nf3 d5 8. cxd5
exd5 9. O-O O-O 10. Na4 b6 11. a3 a5 12. Qb3 Rb8 13. Bf4 Rb7 14. Rbc1 h6 15. h4
d4 16. Qb5 Na7 17. Qa6 Nec6 18. Nd2 g5 19. hxg5 hxg5 20. Bxg5 Qxg5 21. Ne4 Qd8
22. Qc4 b5 23. Qxc5 bxa4 24. Nd6 Rc7 25. Nb5 Nxb5 26. Qxb5 Ne5 27. Qxa4 Bb7 28.
Qb5 Bxg2 29. Kxg2 Qc8 0-1

[Event "GAMMA Reykjavik Open 2019"]
[Site "Reykjavik ISL"]
[Date "2019.04.09"]
[Round "2.56"]
[White "Maisuradze, Nino"]
[Black "Aldridge, Alan L."]
[Result "1-0"]
[WhiteTitle "WGM"]
[WhiteElo "2168"]
[BlackElo "1852"]
[WhiteFideId "13601717"]
[BlackFideId "4301528"]
[EventDate "2019.04.08"]

1. d4 Nf6 2. Nf3 e6 3. Bg5 h6 4. Bh4 Be7 5. e3 c5 6. c3 cxd4 7. exd4 b6 8. Nbd2
Bb7 9. Bd3 O-O 10. Bxf6 Bxf6 11. Qe2 d6 12. h4 Re8 13. O-O-O Nd7 14. Ne4 Bxe4
15. Qxe4 Nf8 16. g4 e5 17. Bb5 d5 18. Qe3 Nd7 19. dxe5 a6 20. Bxd7 Qxd7 21. g5
hxg5 22. hxg5 Bd8 23. Qd3 g6 24. Qd4 Qf5 25. e6 Bxg5+ 26. Nxg5 Qxg5+ 27. f4 1-0

[Event "GAMMA Reykjavik Open 2019"]
[Site "Reykjavik ISL"]
[Date "2019.04.09"]
[Round "2.57"]
[White "Ford, Clifton P"]
[Black "Giacomini, Hector"]
[Result "0-1"]
[WhiteElo "1813"]
[BlackElo "2167"]
[WhiteFideId "30919487"]
[BlackFideId "605352"]
[EventDate "2019.04.08"]

1. d4 d5 2. c4 e6 3. Nf3 Nf6 4. g3 dxc4 5. Bg2 Nc6 6. O-O Rb8 7. a4 a6 8. Bf4 b5
9. axb5 axb5 10. Nc3 Bb4 11. Qc2 O-O 12. e4 Na5 13. e5 Nd5 14. Ng5 g6 15. Nce4
Nb3 16. Rad1 Nxf4 17. Nf6+ Kg7 18. gxf4 Nxd4 19. Qe4 c5 20. Ngxh7 Rh8 21. Ng5
Bb7 22. Qe3 Bxg2 23. Kxg2 Nf5 24. Qe4 Nd4 25. Nf3 Qc7 26. Nxd4 cxd4 27. Rxd4 Qb7
28. Rfd1 Qxe4+ 29. Nxe4 Be7 30. Rd7 Bh4 31. Nc5 Rhe8 32. Na6 Rb6 33. R1d6 Rxd6
34. Rxd6 Rd8 35. Rb6 Rd2 36. Rxb5 Rxf2+ 37. Kh3 Rxf4 38. Nc7 Bf2 39. Ne8+ Kh6
40. Nf6 Bd4 41. Kg3 Kg5 42. h3 Kf5 43. Ng4 g5 44. Nh6+ Ke4 45. Ng4 Rf3+ 46. Kg2
Rb3 0-1

[Event "GAMMA Reykjavik Open 2019"]
[Site "Reykjavik ISL"]
[Date "2019.04.09"]
[Round "2.58"]
[White "Halldorsson, Jon Arni"]
[Black "Finnbogadottir, Tinna Kristin"]
[Result "0-1"]
[WhiteElo "2163"]
[BlackElo "1849"]
[WhiteFideId "2301075"]
[BlackFideId "2300214"]
[EventDate "2019.04.08"]

1. d4 d5 2. c4 c6 3. Nc3 Nf6 4. Nf3 e6 5. e3 Nbd7 6. Qc2 Be7 7. b3 O-O 8. Bd3 c5
9. cxd5 cxd4 10. Nxd4 exd5 11. Bb2 Nc5 12. Be2 Be6 13. Rd1 Rc8 14. Qb1 Qc7 15.
Nf5 Nce4 16. Nxe7+ Qxe7 17. Nxe4 Nxe4 18. O-O Rfd8 19. Qd3 Qg5 20. Rc1 h5 21.
Qd4 h4 22. f4 Qg6 23. f5 Bxf5 24. Rxf5 Rxc1+ 25. Bxc1 Qxf5 26. Bf3 Nf6 27. e4
Qc8 0-1